[Event "XLIV Memoriał Szachowy Ludwika Zamenhofa 2025, Grupa B"]
[Site "Bialystok, Poland"]
[Date "2025.12.28"]
[Round "4.26"]
[White "Mykhaliuk, Mykhailo"]
[Black "Fudala, Dominik"]
[Result "1/2-1/2"]
[TimeControl "90'+30\""]
[WhiteElo "1775"]
[BlackElo "1877"]

1. e4 {[%clk 01:30:04]} {[%emt 00:00:55]} e6 {[%clk 01:30:46]} {[%emt
00:00:15]} 2. d4 {[%clk 01:28:05]} {[%emt 00:02:29]} d5 {[%clk 01:31:08]}
{[%emt 00:00:08]} 3. exd5 {[%clk 01:28:07]} {[%emt 00:00:28]} exd5 {[%clk
01:31:32]} {[%emt 00:00:06]} 4. Nf3 {[%clk 01:28:22]} {[%emt 00:00:15]} Nf6
{[%clk 01:31:56]} {[%emt 00:00:06]} 5. Bd3 {[%clk 01:28:05]} {[%emt 00:00:47]}
c5 {[%clk 01:32:14]} {[%emt 00:00:12]} 6. c3 {[%clk 01:27:49]} {[%emt
00:00:46]} c4 {[%clk 01:29:54]} {[%emt 00:02:50]} 7. Be2 {[%clk 01:26:54]}
{[%emt 00:01:23]} Bd6 {[%clk 01:30:15]} {[%emt 00:00:11]} 8. O-O {[%clk
01:24:41]} {[%emt 00:02:42]} O-O {[%clk 01:30:36]} {[%emt 00:00:09]} 9. Bg5
{[%clk 01:24:20]} {[%emt 00:00:51]} h6 {[%clk 01:28:30]} {[%emt 00:02:36]} 10.
Bh4 {[%clk 01:24:09]} {[%emt 00:00:40]} Nc6 {[%clk 01:28:48]} {[%emt 00:00:12]}
11. Nbd2 {[%clk 01:22:53]} {[%emt 00:01:46]} Bf5 {[%clk 01:28:38]} {[%emt
00:00:41]} 12. Re1 {[%clk 01:22:38]} {[%emt 00:00:42]} Re8 {[%clk 01:28:59]}
{[%emt 00:00:12]} 13. Nf1 {[%clk 01:22:22]} {[%emt 00:00:45]} g5 {[%clk
01:29:04]} {[%emt 00:00:26]} 14. Bg3 {[%clk 01:22:43]} {[%emt 00:00:08]} Ne4
{[%clk 01:28:34]} {[%emt 00:01:01]} 15. Bxd6 {[%clk 01:21:50]} {[%emt
00:01:23]} Qxd6 {[%clk 01:28:48]} {[%emt 00:00:16]} 16. N3d2 {[%clk 01:21:33]}
{[%emt 00:00:46]} Re7 {[%clk 01:08:55]} {[%emt 00:20:25]} 17. Nxe4 {[%clk
01:21:30]} {[%emt 00:00:33]} Bxe4 {[%clk 01:09:12]} {[%emt 00:00:13]} 18. Ng3
{[%clk 01:21:37]} {[%emt 00:00:19]} Bg6 {[%clk 01:02:22]} {[%emt 00:07:24]} 19.
Bh5 {[%clk 01:20:40]} {[%emt 00:01:24]} Rxe1+ {[%clk 00:40:16]} {[%emt
00:22:39]} 20. Qxe1 {[%clk 01:20:57]} {[%emt 00:00:13]} Bxh5 {[%clk 00:40:32]}
{[%emt 00:00:14]} 21. Nxh5 {[%clk 01:21:07]} {[%emt 00:00:18]} Kf8 {[%clk
00:40:53]} {[%emt 00:00:11]} 22. Qd2 {[%clk 01:17:57]} {[%emt 00:03:40]} Qg6
{[%clk 00:28:15]} {[%emt 00:13:09]} 23. Ng3 {[%clk 01:13:57]} {[%emt 00:04:29]}
Re8 {[%clk 00:16:32]} {[%emt 00:12:14]} 24. Nf1 {[%clk 01:12:52]} {[%emt
00:01:34]} Re6 {[%clk 00:14:26]} {[%emt 00:02:38]} 25. Ne3 {[%clk 01:10:25]}
{[%emt 00:02:56]} Ne7 {[%clk 00:14:48]} {[%emt 00:00:09]} 26. Re1 {[%clk
01:10:27]} {[%emt 00:00:27]} h5 {[%clk 00:11:29]} {[%emt 00:03:49]} 27. b3
{[%clk 01:09:28]} {[%emt 00:01:28]} b5 {[%clk 00:09:05]} {[%emt 00:02:55]} 28.
bxc4 {[%clk 01:08:23]} {[%emt 00:01:35]} bxc4 {[%clk 00:09:29]} {[%emt
00:00:06]} 29. Qb2 {[%clk 01:08:43]} {[%emt 00:00:10]} Nf5 {[%clk 00:02:20]}
{[%emt 00:07:39]} 30. Qb8+ {[%clk 00:59:43]} {[%emt 00:09:29]} Kg7 {[%clk
00:01:00]} {[%emt 00:01:50]} 31. Nxf5+ {[%clk 00:56:05]} {[%emt 00:04:09]} Qxf5
{[%clk 00:01:29]} {[%emt 00:00:02]} 32. Rxe6 {[%clk 00:55:33]} {[%emt
00:01:01]} Qxe6 {[%clk 00:01:49]} {[%emt 00:00:11]} 33. Qb1 {[%clk 00:55:43]}
{[%emt 00:00:20]} Qe2 {[%clk 00:01:22]} {[%emt 00:00:56]} 34. h3 {[%clk
00:55:49]} {[%emt 00:00:26]} Kf6 {[%clk 00:00:32]} {[%emt 00:01:20]} 35. a4
{[%clk 00:54:46]} {[%emt 00:01:33]} Qd2 {[%clk 00:00:47]} {[%emt 00:00:14]} 36.
Qa1 {[%clk 00:51:11]} {[%emt 00:04:05]} a5 {[%clk 00:01:10]} {[%emt 00:00:07]}
37. g3 {[%clk 00:50:49]} {[%emt 00:00:51]} h4 {[%clk 00:01:28]} {[%emt
00:00:13]} 38. Kg2 {[%clk 00:49:44]} {[%emt 00:01:34]} hxg3 {[%clk 00:01:26]}
{[%emt 00:00:33]} 39. Kxg3 {[%clk 00:50:04]} {[%emt 00:00:09]} Qf4+ {[%clk
00:00:54]} {[%emt 00:01:02]} 40. Kg2 {[%clk 00:50:28]} {[%emt 00:00:07]} Qe4+
{[%clk 00:01:09]} {[%emt 00:00:15]} 41. Kg1 {[%clk 00:50:47]} {[%emt 00:00:08]}
Qf3 {[%clk 00:00:57]} {[%emt 00:00:43]} 42. Qe1 {[%clk 00:49:38]} {[%emt
00:01:40]} Kg6 {[%clk 00:01:01]} {[%emt 00:00:25]} 43. Kh2 {[%clk 00:49:30]}
{[%emt 00:00:38]} Qf4+ {[%clk 00:00:36]} {[%emt 00:00:56]} 44. Kg2 {[%clk
00:49:47]} {[%emt 00:00:13]} Kf5 {[%clk 00:00:41]} {[%emt 00:00:25]} 45. f3
{[%clk 00:48:15]} {[%emt 00:02:01]} Ke5 {[%emt 00:01:22]} 1/2-1/2

[Event "XLIV Memoriał Szachowy Ludwika Zamenhofa 2025, Grupa B"]
[Site "Bialystok, Poland"]
[Date "2025.12.28"]
[Round "4.27"]
[White "Tonga, Radoslaw"]
[Black "Kaminska, Zuzanna"]
[Result "1-0"]
[TimeControl "90'+30\""]
[WhiteElo "1720"]
[BlackElo "1873"]

1. e4 {[%clk 01:30:52]} {[%emt 00:00:07]} e5 {[%clk 01:30:49]} {[%emt
00:00:13]} 2. Nf3 {[%clk 01:31:13]} {[%emt 00:00:09]} Nc6 {[%clk 01:31:09]}
{[%emt 00:00:09]} 3. d4 {[%clk 01:31:31]} {[%emt 00:00:12]} exd4 {[%clk
01:31:27]} {[%emt 00:00:13]} 4. Bc4 {[%clk 01:31:48]} {[%emt 00:00:13]} Nf6
{[%clk 01:31:46]} {[%emt 00:00:10]} 5. e5 {[%clk 01:32:05]} {[%emt 00:00:13]}
d5 {[%clk 01:32:07]} {[%emt 00:00:10]} 6. Bb5 {[%clk 01:32:27]} {[%emt
00:00:07]} Ne4 {[%clk 01:32:24]} {[%emt 00:00:13]} 7. Nxd4 {[%clk 01:32:48]}
{[%emt 00:00:10]} Bd7 {[%clk 01:32:32]} {[%emt 00:00:22]} 8. Bxc6 {[%clk
01:33:10]} {[%emt 00:00:07]} bxc6 {[%clk 01:32:55]} {[%emt 00:00:08]} 9. O-O
{[%clk 01:33:20]} {[%emt 00:00:19]} Bc5 {[%clk 01:33:13]} {[%emt 00:00:13]} 10.
f3 {[%clk 01:33:35]} {[%emt 00:00:15]} Ng5 {[%clk 01:33:31]} {[%emt 00:00:11]}
11. Be3 {[%clk 01:33:45]} {[%emt 00:00:21]} Bb6 {[%clk 01:33:32]} {[%emt
00:00:29]} 12. f4 {[%clk 01:33:21]} {[%emt 00:00:54]} Ne4 {[%clk 01:33:51]}
{[%emt 00:00:11]} 13. Nd2 {[%clk 01:32:47]} {[%emt 00:01:04]} Nxd2 {[%clk
01:34:01]} {[%emt 00:00:19]} 14. Qxd2 {[%clk 01:33:09]} {[%emt 00:00:08]} c5
{[%clk 01:34:18]} {[%emt 00:00:13]} 15. Nf3 {[%clk 01:32:10]} {[%emt 00:01:28]}
d4 {[%clk 01:34:40]} {[%emt 00:00:10]} 16. Bf2 {[%clk 01:32:34]} {[%emt
00:00:05]} Bc6 {[%clk 01:33:57]} {[%emt 00:01:13]} 17. Rae1 {[%clk 01:30:30]}
{[%emt 00:02:34]} O-O {[%clk 01:19:46]} {[%emt 00:14:41]} 18. f5 {[%clk
01:27:22]} {[%emt 00:03:38]} Bxf3 {[%clk 01:14:39]} {[%emt 00:05:37]} 19. gxf3
{[%clk 01:27:04]} {[%emt 00:00:48]} f6 {[%clk 01:11:13]} {[%emt 00:03:56]} 20.
e6 {[%clk 01:26:57]} {[%emt 00:00:38]} Qe7 {[%clk 01:11:14]} {[%emt 00:00:29]}
21. Kh1 {[%clk 01:26:22]} {[%emt 00:01:04]} Kh8 {[%clk 01:10:43]} {[%emt
00:01:01]} 22. Rg1 {[%clk 01:25:13]} {[%emt 00:01:39]} Rad8 {[%clk 01:10:08]}
{[%emt 00:01:06]} 23. b3 {[%clk 01:25:05]} {[%emt 00:00:38]} c6 {[%clk
01:09:07]} {[%emt 00:01:31]} 24. Re4 {[%clk 01:19:35]} {[%emt 00:05:59]} Bc7
{[%clk 01:05:11]} {[%emt 00:04:26]} 25. Reg4 {[%clk 01:18:15]} {[%emt
00:01:50]} Rg8 {[%clk 01:01:06]} {[%emt 00:04:35]} 26. Qd3 {[%clk 01:16:52]}
{[%emt 00:01:54]} Bd6 {[%clk 00:59:26]} {[%emt 00:02:10]} 27. Qe4 {[%clk
01:16:05]} {[%emt 00:01:16]} Qc7 {[%clk 00:53:36]} {[%emt 00:06:19]} 28. Rh4
{[%clk 01:15:51]} {[%emt 00:00:45]} Rgf8 {[%clk 00:42:46]} {[%emt 00:11:19]} 29.
Qg4 {[%clk 01:12:59]} {[%emt 00:03:25]} h6 {[%clk 00:39:49]} {[%emt 00:03:27]}
30. Be1 {[%clk 01:12:30]} {[%emt 00:01:00]} Rde8 {[%clk 00:36:41]} {[%emt
00:03:38]} 31. Bd2 {[%clk 01:10:02]} {[%emt 00:02:57]} Re7 {[%clk 00:35:56]}
{[%emt 00:01:15]} 32. Qg6 {[%clk 01:10:18]} {[%emt 00:00:14]} Qb7 {[%clk
00:24:06]} {[%emt 00:12:17]} 33. c4 {[%clk 01:04:15]} {[%emt 00:06:37]} dxc3
{[%clk 00:18:12]} {[%emt 00:06:24]} 34. Bxc3 {[%clk 01:04:31]} {[%emt
00:00:14]} Qc7 {[%clk 00:17:41]} {[%emt 00:01:01]} 35. Rgg4 {[%clk 01:01:26]}
{[%emt 00:03:33]} c4 {[%clk 00:14:22]} {[%emt 00:03:51]} 36. Rxc4 {[%clk
01:00:22]} {[%emt 00:01:33]} c5 {[%clk 00:14:36]} {[%emt 00:00:16]} 37. Bd2
{[%clk 00:58:22]} {[%emt 00:02:30]} Qb7 {[%clk 00:14:36]} {[%emt 00:00:31]} 38.
Kg2 {[%clk 00:58:24]} {[%emt 00:00:27]} Rd8 {[%clk 00:12:34]} {[%emt 00:02:33]}
39. Be3 {[%clk 00:43:34]} {[%emt 00:15:19]} Be5 {[%clk 00:12:33]} {[%emt
00:00:31]} 40. Kf2 {[%clk 00:39:30]} {[%emt 00:04:34]} Qa6 {[%clk 00:09:59]}
{[%emt 00:03:04]} 41. Bxh6 {[%clk 00:38:53]} {[%emt 00:01:07]} Kg8 {[%clk
00:08:54]} {[%emt 00:01:36]} 42. Rc2 {[%clk 00:20:07]} {[%emt 00:19:15]} Bd4+
{[%clk 00:05:47]} {[%emt 00:03:37]} 43. Kg2 {[%clk 00:18:46]} {[%emt 00:01:51]}
Qd3 {[%clk 00:05:13]} {[%emt 00:01:04]} 44. Rd2 {[%clk 00:19:00]} {[%emt
00:00:16]} Qb1 {[%clk 00:03:59]} {[%emt 00:01:37]} 45. Be3 {[%clk 00:18:53]}
{[%emt 00:00:44]} Ree8 {[%clk 00:02:49]} {[%emt 00:01:39]} 46. Qf7# {[%emt
00:01:43]} 1-0

[Event "XLIV Memoriał Szachowy Ludwika Zamenhofa 2025, Grupa B"]
[Site "Bialystok, Poland"]
[Date "2025.12.28"]
[Round "4.28"]
[White "Gorniak, Mateusz"]
[Black "Pojawa, Jakub"]
[Result "0-1"]
[TimeControl "90'+30\""]
[WhiteElo "1746"]
[BlackElo "1858"]

1. e4 {[%clk 01:30:47]} {[%emt 00:00:13]} e6 {[%clk 01:30:56]} {[%emt
00:00:06]} 2. Nf3 {[%clk 01:30:46]} {[%emt 00:00:29]} d5 {[%clk 01:31:03]}
{[%emt 00:00:24]} 3. exd5 {[%clk 01:30:54]} {[%emt 00:00:22]} exd5 {[%clk
01:29:39]} {[%emt 00:01:55]} 4. d4 {[%clk 01:31:15]} {[%emt 00:00:07]} Bd6
{[%clk 01:29:53]} {[%emt 00:00:16]} 5. Bd3 {[%clk 01:30:34]} {[%emt 00:01:11]}
Nf6 {[%clk 01:30:14]} {[%emt 00:00:10]} 6. O-O {[%clk 01:30:01]} {[%emt
00:01:01]} O-O {[%clk 01:30:39]} {[%emt 00:00:06]} 7. Bg5 {[%clk 01:30:15]}
{[%emt 00:00:15]} Bg4 {[%clk 01:28:30]} {[%emt 00:02:40]} 8. Nbd2 {[%clk
01:29:48]} {[%emt 00:00:57]} Nbd7 {[%clk 01:23:21]} {[%emt 00:05:39]} 9. Re1
{[%clk 01:29:24]} {[%emt 00:00:54]} c6 {[%clk 01:23:36]} {[%emt 00:00:16]} 10.
c3 {[%clk 01:29:01]} {[%emt 00:00:52]} Qc7 {[%clk 01:23:51]} {[%emt 00:00:15]}
11. Qc2 {[%clk 01:29:16]} {[%emt 00:00:15]} h6 {[%clk 01:23:52]} {[%emt
00:00:30]} 12. Bh4 {[%clk 01:27:43]} {[%emt 00:02:03]} Rae8 {[%clk 01:19:32]}
{[%emt 00:04:50]} 13. Bf5 {[%clk 01:23:03]} {[%emt 00:05:09]} Bh5 {[%clk
01:13:03]} {[%emt 00:07:00]} 14. c4 {[%clk 01:19:20]} {[%emt 00:04:13]} dxc4
{[%clk 01:10:50]} {[%emt 00:02:43]} 15. Qxc4 {[%clk 01:15:44]} {[%emt
00:04:06]} Nb6 {[%clk 01:10:16]} {[%emt 00:01:04]} 16. Qb3 {[%clk 01:15:51]}
{[%emt 00:00:23]} Nbd5 {[%clk 01:09:14]} {[%emt 00:01:30]} 17. Nf1 {[%clk
01:12:38]} {[%emt 00:03:44]} Bxf3 {[%clk 01:05:33]} {[%emt 00:04:12]} 18. Qxf3
{[%clk 01:12:37]} {[%emt 00:00:30]} Qb6 {[%clk 01:05:44]} {[%emt 00:00:19]} 19.
Bxf6 {[%clk 01:07:14]} {[%emt 00:05:53]} Nxf6 {[%clk 01:06:06]} {[%emt
00:00:09]} 20. Red1 {[%clk 01:03:35]} {[%emt 00:04:08]} Qxb2 {[%clk 01:03:14]}
{[%emt 00:03:22]} 21. Rab1 {[%clk 01:03:31]} {[%emt 00:00:34]} Qxa2 {[%clk
01:03:13]} {[%emt 00:00:32]} 22. Rxb7 {[%clk 01:03:23]} {[%emt 00:00:38]} c5
{[%clk 01:01:35]} {[%emt 00:02:08]} 23. Qc6 {[%clk 00:59:32]} {[%emt 00:04:19]}
Rd8 {[%clk 01:01:03]} {[%emt 00:00:59]} 24. Bd7 {[%clk 00:57:27]} {[%emt
00:02:39]} Nxd7 {[%clk 00:49:30]} {[%emt 00:12:04]} 25. Qxd6 {[%clk 00:54:07]}
{[%emt 00:03:49]} Qa4 {[%clk 00:47:13]} {[%emt 00:02:40]} 26. Rd2 {[%clk
00:49:10]} {[%emt 00:05:35]} Nf6 {[%clk 00:47:29]} {[%emt 00:00:14]} 27. Qxc5
{[%clk 00:46:29]} {[%emt 00:03:10]} Ne4 {[%clk 00:47:49]} {[%emt 00:00:11]} 28.
Qc2 {[%clk 00:46:09]} {[%emt 00:00:50]} Rxd4 {[%clk 00:46:04]} {[%emt
00:02:16]} 29. Qxa4 {[%clk 00:45:41]} {[%emt 00:00:56]} Rxa4 {[%clk 00:46:31]}
{[%emt 00:00:04]} 30. Rc2 {[%clk 00:45:15]} {[%emt 00:00:55]} Ra1 {[%clk
00:46:31]} {[%emt 00:00:30]} 31. f3 {[%clk 00:45:16]} {[%emt 00:00:29]} Nf6
{[%clk 00:46:18]} {[%emt 00:00:44]} 32. Kf2 {[%clk 00:45:17]} {[%emt 00:00:29]}
a5 {[%clk 00:46:30]} {[%emt 00:00:18]} 33. Ra7 {[%clk 00:45:29]} {[%emt
00:00:18]} Nd5 {[%clk 00:46:52]} {[%emt 00:00:07]} 34. Ne3 {[%clk 00:44:45]}
{[%emt 00:01:14]} Nb4 {[%clk 00:46:54]} {[%emt 00:00:29]} 35. Rc4 {[%clk
00:42:55]} {[%emt 00:02:19]} Ra2+ {[%clk 00:46:40]} {[%emt 00:00:45]} 36. Kg3
{[%clk 00:42:37]} {[%emt 00:00:47]} Nd3 {[%clk 00:45:19]} {[%emt 00:01:51]} 37.
Nc2 {[%clk 00:32:33]} {[%emt 00:10:35]} Re8 {[%clk 00:40:36]} {[%emt 00:05:11]}
38. Rcc7 {[%clk 00:30:31]} {[%emt 00:02:33]} Re6 {[%clk 00:37:54]} {[%emt
00:03:12]} 39. h4 {[%clk 00:23:16]} {[%emt 00:07:46]} Rg6+ {[%clk 00:36:42]}
{[%emt 00:01:43]} 40. Kh2 {[%clk 00:23:04]} {[%emt 00:00:41]} Nf4 {[%clk
00:35:17]} {[%emt 00:01:55]} 41. g4 {[%clk 00:21:37]} {[%emt 00:01:57]} Rf6
{[%clk 00:34:47]} {[%emt 00:00:59]} 42. h5 {[%clk 00:20:22]} {[%emt 00:01:46]}
g5 {[%clk 00:31:05]} {[%emt 00:04:12]} 43. hxg6 {[%clk 00:18:00]} {[%emt
00:02:52]} Nxg6 {[%clk 00:31:15]} {[%emt 00:00:21]} 44. Kg3 {[%clk 00:18:11]}
{[%emt 00:00:18]} Nf4 {[%clk 00:30:29]} {[%emt 00:01:16]} 45. Ne3 {[%clk
00:15:35]} {[%emt 00:03:06]} Ne2+ {[%clk 00:30:39]} {[%emt 00:00:20]} 46. Kh4
{[%clk 00:15:27]} {[%emt 00:00:38]} Nd4 {[%clk 00:25:30]} {[%emt 00:05:39]} 47.
Rc8+ {[%clk 00:15:07]} {[%emt 00:00:49]} Kg7 {[%clk 00:25:27]} {[%emt
00:00:34]} 48. Raa8 {[%clk 00:13:45]} {[%emt 00:01:52]} Rxf3 {[%clk 00:25:06]}
{[%emt 00:00:53]} 49. Rg8+ {[%clk 00:11:24]} {[%emt 00:02:49]} Kf6 {[%clk
00:25:27]} {[%emt 00:00:08]} 50. Ra6+ {[%clk 00:10:23]} {[%emt 00:01:33]} Ne6
{[%clk 00:25:32]} {[%emt 00:00:24]} 51. g5+ {[%clk 00:06:38]} {[%emt 00:04:14]}
hxg5+ {[%clk 00:25:36]} {[%emt 00:00:27]} 52. Rxg5 {[%clk 00:06:47]} {[%emt
00:00:20]} Rxe3 {[%clk 00:25:41]} {[%emt 00:00:26]} 53. Rgxa5 {[%clk 00:07:02]}
{[%emt 00:00:15]} Rd2 {[%clk 00:24:53]} {[%emt 00:01:16]} 54. Ra4 {[%clk
00:07:07]} {[%emt 00:00:27]} Rf2 {[%clk 00:24:47]} {[%emt 00:00:31]} 55. Rb4
{[%clk 00:05:47]} {[%emt 00:01:55]} Rff3 {[%clk 00:25:05]} {[%emt 00:00:12]} 56.
Kh5 {[%clk 00:04:25]} {[%emt 00:01:51]} Rh3+ {[%clk 00:25:17]} {[%emt
00:00:20]} 57. Rh4 {[%clk 00:04:43]} {[%emt 00:00:10]} Rxh4+ {[%clk 00:25:31]}
{[%emt 00:00:17]} 58. Kxh4 {[%clk 00:05:04]} {[%emt 00:00:09]} Kf5 {[%clk
00:25:57]} {[%emt 00:00:05]} 59. Ra5+ {[%clk 00:05:11]} {[%emt 00:00:23]} Re5
{[%clk 00:26:19]} {[%emt 00:00:07]} 60. Ra7 {[%clk 00:05:31]} {[%emt 00:00:10]}
f6 {[%clk 00:26:43]} {[%emt 00:00:07]} 61. Kg3 {[%clk 00:05:54]} {[%emt
00:00:06]} Ng5 {[%clk 00:27:06]} {[%emt 00:00:07]} 62. Ra6 {[%clk 00:06:00]}
{[%emt 00:00:24]} Re3+ {[%clk 00:27:27]} {[%emt 00:00:08]} 63. Kf2 {[%clk
00:06:21]} {[%emt 00:00:10]} Rb3 {[%clk 00:27:51]} {[%emt 00:00:06]} 64. Ra2
{[%clk 00:06:23]} {[%emt 00:00:28]} Kf4 {[%clk 00:28:15]} {[%emt 00:00:06]} 65.
Rc2 {[%clk 00:06:34]} {[%emt 00:00:19]} Ne4+ {[%clk 00:28:40]} {[%emt
00:00:06]} 66. Kg2 {[%clk 00:06:46]} {[%emt 00:00:16]} Rg3+ {[%clk 00:29:03]}
{[%emt 00:00:08]} 67. Kh2 {[%clk 00:07:00]} {[%emt 00:00:14]} Rd3 {[%clk
00:29:27]} {[%emt 00:00:08]} 68. Rc1 {[%clk 00:06:57]} {[%emt 00:00:34]} Rd2+
{[%clk 00:29:47]} {[%emt 00:00:10]} 69. Kg1 {[%clk 00:06:57]} {[%emt 00:00:29]}
Kg3 {[%clk 00:29:40]} {[%emt 00:00:36]} 70. Ra1 {[%clk 00:06:17]} {[%emt
00:01:11]} Ng5 {[%clk 00:29:42]} {[%emt 00:00:27]} 71. Kf1 {[%clk 00:03:39]}
{[%emt 00:03:08]} Nf3 {[%clk 00:30:02]} {[%emt 00:00:11]} 72. Ra2 {[%clk
00:03:42]} {[%emt 00:00:27]} Nh2+ {[%clk 00:30:29]} {[%emt 00:00:04]} 0-1

[Event "XLIV Memoriał Szachowy Ludwika Zamenhofa 2025, Grupa B"]
[Site "Bialystok, Poland"]
[Date "2025.12.28"]
[Round "4.29"]
[White "Borowik, Monika"]
[Black "Ocytko, Andrzej"]
[Result "1-0"]
[TimeControl "90'+30\""]
[WhiteElo "1732"]
[BlackElo "1995"]

1. d4 {[%clk 01:30:05]} {[%emt 00:00:49]} Nf6 {[%clk 01:30:57]} {[%emt
00:00:10]} 2. Nf3 {[%clk 01:30:12]} {[%emt 00:00:23]} e6 {[%clk 01:30:56]}
{[%emt 00:00:31]} 3. c4 {[%clk 01:30:34]} {[%emt 00:00:08]} d5 {[%clk
01:31:08]} {[%emt 00:00:18]} 4. Nc3 {[%clk 01:30:44]} {[%emt 00:00:20]} Be7
{[%clk 01:31:25]} {[%emt 00:00:13]} 5. Bf4 {[%clk 01:30:39]} {[%emt 00:00:34]}
O-O {[%clk 01:31:19]} {[%emt 00:00:37]} 6. e3 {[%clk 01:30:42]} {[%emt
00:00:26]} c5 {[%clk 01:23:48]} {[%emt 00:08:02]} 7. cxd5 {[%clk 01:29:25]}
{[%emt 00:01:47]} exd5 {[%clk 01:22:43]} {[%emt 00:01:36]} 8. Be2 {[%clk
01:25:58]} {[%emt 00:03:57]} Nc6 {[%clk 01:22:55]} {[%emt 00:00:17]} 9. O-O
{[%clk 01:24:09]} {[%emt 00:02:19]} Be6 {[%clk 01:22:34]} {[%emt 00:00:51]} 10.
Ne5 {[%clk 01:16:13]} {[%emt 00:08:25]} cxd4 {[%clk 01:09:30]} {[%emt
00:13:35]} 11. Nxc6 {[%clk 01:12:37]} {[%emt 00:04:05]} bxc6 {[%clk 01:07:56]}
{[%emt 00:02:05]} 12. Qxd4 {[%clk 01:12:32]} {[%emt 00:00:34]} c5 {[%clk
01:00:18]} {[%emt 00:08:09]} 13. Qd2 {[%clk 01:07:37]} {[%emt 00:05:25]} Qb6
{[%clk 00:58:06]} {[%emt 00:02:42]} 14. Rfd1 {[%clk 00:58:01]} {[%emt
00:10:06]} Rfd8 {[%clk 00:57:47]} {[%emt 00:00:49]} 15. Bf3 {[%clk 00:56:51]}
{[%emt 00:01:40]} Rac8 {[%clk 00:58:02]} {[%emt 00:00:16]} 16. Be5 {[%clk
00:55:18]} {[%emt 00:02:02]} Ne4 {[%clk 00:55:16]} {[%emt 00:03:17]} 17. Bxe4
{[%clk 00:43:26]} {[%emt 00:12:23]} dxe4 {[%clk 00:55:40]} {[%emt 00:00:05]} 18.
Qc2 {[%clk 00:43:45]} {[%emt 00:00:11]} f6 {[%clk 00:52:35]} {[%emt 00:03:36]}
19. Bg3 {[%clk 00:43:40]} {[%emt 00:00:35]} f5 {[%clk 00:53:00]} {[%emt
00:00:05]} 20. Be5 {[%clk 00:41:32]} {[%emt 00:02:37]} Qa6 {[%clk 00:48:22]}
{[%emt 00:05:09]} 21. g4 {[%clk 00:37:01]} {[%emt 00:05:02]} Rd3 {[%clk
00:46:34]} {[%emt 00:02:17]} 22. Ne2 {[%clk 00:28:51]} {[%emt 00:08:39]} Rcd8
{[%clk 00:34:26]} {[%emt 00:12:39]} 23. Nf4 {[%clk 00:20:58]} {[%emt 00:08:23]}
fxg4 {[%clk 00:25:48]} {[%emt 00:09:08]} 24. Nxd3 {[%clk 00:17:31]} {[%emt
00:03:57]} exd3 {[%clk 00:26:12]} {[%emt 00:00:06]} 25. Qc3 {[%clk 00:16:51]}
{[%emt 00:01:10]} Bf8 {[%clk 00:26:22]} {[%emt 00:00:21]} 26. b3 {[%clk
00:13:05]} {[%emt 00:04:15]} Kh8 {[%clk 00:22:44]} {[%emt 00:04:07]} 27. Rd2
{[%clk 00:09:47]} {[%emt 00:03:49]} g3 {[%clk 00:22:09]} {[%emt 00:01:05]} 28.
fxg3 {[%clk 00:08:40]} {[%emt 00:01:37]} Bh3 {[%clk 00:10:14]} {[%emt
00:12:24]} 29. Rf2 {[%clk 00:07:10]} {[%emt 00:01:59]} Qe6 {[%clk 00:08:15]}
{[%emt 00:02:30]} 30. Rd1 {[%clk 00:06:11]} {[%emt 00:01:29]} c4 {[%clk
00:05:25]} {[%emt 00:03:19]} 31. bxc4 {[%clk 00:05:44]} {[%emt 00:00:58]} Kg8
{[%clk 00:02:00]} {[%emt 00:03:55]} 32. Bd4 {[%clk 00:04:09]} {[%emt 00:02:05]}
Bf5 {[%clk 00:02:25]} {[%emt 00:00:05]} 33. Qa5 {[%clk 00:04:03]} {[%emt
00:00:36]} Rxd4 {[%clk 00:00:32]} {[%emt 00:02:23]} 34. exd4 {[%clk 00:04:11]}
{[%emt 00:00:22]} 1-0